Missing word from YA/Fantasy-books Quiz Stats

 Plays Quiz not verified by Sporcle

Challenge
Share
Tweet
Embed
Score 0/30 Timer 05:00
0 Plays Today
Hint Answer % Correct
________ dawn ? (Stephenie Meyer)Breaking
85%
The ______ cure? (James Dashner)death
79.2%
City of _________ fire? (Cassandra Clareheavenly
78.3%
______ Player One? (Ernest Cline)Ready
76.7%
The ________ boys? (Maggie Stiefvater)Raven
74.2%
Daughter of _________ & bone? (Laini Taylor)Smoke
71.7%
An _______ in the ashes? (Sabaa Tahir)ember
68.3%
A court of ______ & Ruin? (Sarah J. Maas)Wings
65%
The darkest ________ ? (Alexandra Bracken)minds
62.5%
Ruin and _______ ? (Leigh Bardugo)Rising
58.3%
A darker shade of ________ ? (V.E. Schwab)magic
57.5%
The iron ________? (Cassandra Clare & Holly Black)trial
54.2%
The coldest girl in _________ ? (Holly Black)Coldtown
48.3%
Under the ________ sky? (Veronica Rossi)never
45.8%
_______ like ashes? ( Sara Raasch)Snow
45.8%
Hint Answer % Correct
The _________ sea? (Rick Yancey)infinite
45%
Angel_______ ? (Susan Ee)fall
43.3%
The girl of Fire & _______ ? (Rae Carson)Thorns
30.8%
Morning _______ ? (Pierce Brown)star
30.8%
The crown's _________ ? (Evelyn Skye)game
30%
The final ________ ? (Brandon Sanderson)empire
25%
Wicked _________ ? (Melissa Marr)lovely
25%
The Immortal ________? (Julie Kagawa)rules
24.2%
Finnikin of the ______ ? (Melina Marchetta)rock
23.3%
_______ smoke, cold fire? (Rosamund Hodge)Bright
18.3%
_______ lost? (Sally Green)Half
17.5%
Beautiful _________? (Jamie McGuire)disaster
15.8%
Bound by ______ ? (Jeanine Frost)flames
6.7%
Living dead in _______ ? (Charlene Harris)Dallas
6.7%
The _________ ashes? (Jeanine Frost)beautiful
5%

You're not logged in!

Compare scores with friends on all Sporcle quizzes.
OR
Log In

You Might Also Like...

Show Comments

Extras

Top Quizzes Today


Score Distribution

Your Account Isn't Verified!

In order to create a playlist on Sporcle, you need to verify the email address you used during registration. Go to your Sporcle Settings to finish the process.

Report this User

Report this user for behavior that violates our Community Guidelines.

Details: